Flag Quiz - Oceanic Islands - Statistics

General Stats
  • This quiz has been taken 29 times
    23 since last reset
  • The average score is 17 of 24
Answer Stats
Picture Answer % Correct
Australia
92%
F.S. Micronesia
92%
New Zealand
92%
Fiji
83%
Guam
83%
Kiribati
83%
Palau
83%
Tonga
83%
Marshall Islands
75%
Nauru
75%
Papua New Guinea
75%
Samoa
75%
Solomon Islands
75%
Tuvalu
75%
Vanuatu
75%
American Samoa
58%
Cook Islands
58%
French Polynesia
58%
New Caledonia
58%
Niue
58%
Northern Mariana Islands
50%
Tokelau
50%
Wallis & Futuna
42%
Pitcairn Islands
33%
No matching quizzes found
Score Distribution
Percent of People with Each Score
Percentile by Number Answered
Your Score History
You have not taken this quiz since the last reset